01017nam a22002891a 450000100060000000300080000600500170001400800410003103500190007204000320009104100080012308200250013110000330015624500510018925000120024026000400025230000330029249000330032550400320035865000340039065000450042465000390046983000410050894200120054999900170056195201490057831580BD-RjUL20211209051724.0180903s1967 caua b 000 0 eng  a(BD-RjUL)31668 aDLCcDLCdDLCdBD-RjULbeng aeng00a571.5 223bHUA 19671 aHumason, Gretchen L.920131810aAnimal tissue techniquescGretchen L. Humason. a2nd ed. aSan Francisco,bW. H. Freemanc1967 aix, 569 p. :bill. ;c25 cm.0 aA Series of books in biology aBibliography: p. [517]-560. 0aHistologyxTechnique.9222320 0aStains and staining (Microscopy)9222321 0aHistochemistryxTechnique.9222322 aA Series of books in biology9222329 2ddccBK c31580d31580 00102ddc40718NFICaRUCLbRUCLcReadingd1968-08-10eSweets & Zeitlingerg84.00l0o571.5 HUA 1967r2018-09-03 00:00:00tC-1w2018-09-03yBK